000 00461nam a2200157Ia 4500
008 190813s9999 xx 000 0 und d
100 _aPetka, Kathleen
245 _aCelebrating poetry and Eric Carle/
245 _cKathleen Petka
260 _bPublisher's Development Corporation
260 _c2018
300 _aPages 16-18, October 2018
440 _aArts and Activities: Paper, cardboard and collage
_v164: 2
650 _aArts
650 _aEric Carle
999 _c362030
_d362030